000
00350nam a2200145Ia 4500
100
_a
Arora.B.D./ Chand/ K.
650
_a
Electrical Engineering
942
_c
BK
654
_a
General & electrical drawing
245
_a
General & Electrical Drawing
260
_b
New Heights
_a
New Delhi
_c
1992
300
_a
220
546
_a
HINDI
999
_c
35703
_d
35703